Detalles MARC
| 000 -LEADER |
| fixed length control field |
01714nam a2200469Ii 4500 |
| 001 - CONTROL NUMBER |
| control field |
DIG0000071 |
| 003 - CONTROL NUMBER IDENTIFIER |
| control field |
NyNyDIG |
| 006 - FIXED-LENGTH DATA ELEMENTS--ADDITIONAL MATERIAL CHARACTERISTICS |
| fixed length control field |
m o d |
| 007 - PHYSICAL DESCRIPTION FIXED FIELD--GENERAL INFORMATION |
| fixed length control field |
cr ||||||||||| |
| 008 - FIXED-LENGTH DATA ELEMENTS--GENERAL INFORMATION |
| fixed length control field |
030724s2002 sp acfo o 000 d spa d |
| 020 ## - INTERNATIONAL STANDARD BOOK NUMBER |
| Canceled/invalid ISBN |
8495839261 |
| 020 ## - INTERNATIONAL STANDARD BOOK NUMBER |
| Canceled/invalid ISBN |
9788495839268 |
| 035 ## - SYSTEM CONTROL NUMBER |
| System control number |
(OCoLC)875214324 |
| 040 ## - CATALOGING SOURCE |
| Original cataloging agency |
DGITA |
| Language of cataloging |
eng |
| Description conventions |
pn |
| Transcribing agency |
DGITA |
| 043 ## - GEOGRAPHIC AREA CODE |
| Geographic area code |
e-sp--- |
| 050 04 - LIBRARY OF CONGRESS CALL NUMBER |
| Classification number |
PN1997.2 eBook |
| 100 1# - MAIN ENTRY--PERSONAL NAME |
| Personal name |
Gutiérrez, Chus, |
| Dates associated with a name |
1962- |
| 245 10 - TITLE STATEMENT |
| Title |
Poniente : |
| Remainder of title |
guión cinematográfico / |
| Statement of responsibility, etc. |
Chus Gutiérrez ; con la participación de Icíar Bollaín. |
| 250 ## - EDITION STATEMENT |
| Edition statement |
1a. ed. en la Colección Espiral. |
| 264 #1 - PRODUCTION, PUBLICATION, DISTRIBUTION, MANUFACTURE, AND COPYRIGHT NOTICE |
| Place of production, publication, distribution, manufacture |
Madrid : |
| Name of producer, publisher, distributor, manufacturer |
Ocho y Medio, Libros de Cine, |
| Date of production, publication, distribution, manufacture, or copyright notice |
2002. |
| 300 ## - PHYSICAL DESCRIPTION |
| Extent |
1 online resource (159 p., [31] p. of plates) : |
| Other physical details |
ill. |
| 336 ## - CONTENT TYPE |
| Content type term |
text |
| Content type code |
txt |
| Source |
rdacontent |
| 337 ## - MEDIA TYPE |
| Media type term |
computer |
| Media type code |
c |
| Source |
rdamedia |
| 338 ## - CARRIER TYPE |
| Carrier type term |
online resource |
| Carrier type code |
cr |
| Source |
rdacarrier |
| 490 1# - SERIES STATEMENT |
| Series statement |
Colección Espiral ; |
| Volume/sequential designation |
20 |
| 500 ## - GENERAL NOTE |
| General note |
Includes the film scriptt, storyboards drawn by Clara León [p. 147-157] and background information on the film (artistic and technical) |
| 630 00 - SUBJECT ADDED ENTRY--UNIFORM TITLE |
| Uniform title |
Poniente (Motion picture) |
| 650 #0 - SUBJECT ADDED ENTRY--TOPICAL TERM |
| Topical term or geographic name entry element |
Motion picture plays, Spanish. |
| 650 #0 - SUBJECT ADDED ENTRY--TOPICAL TERM |
| Topical term or geographic name entry element |
Storyboards. |
| 650 #0 - SUBJECT ADDED ENTRY--TOPICAL TERM |
| Topical term or geographic name entry element |
Man-woman relationships |
| Form subdivision |
Drama. |
| 650 #0 - SUBJECT ADDED ENTRY--TOPICAL TERM |
| Topical term or geographic name entry element |
Racism |
| Form subdivision |
Drama. |
| 650 #0 - SUBJECT ADDED ENTRY--TOPICAL TERM |
| Topical term or geographic name entry element |
Illegal aliens |
| Form subdivision |
Drama. |
| 655 #0 - INDEX TERM--GENRE/FORM |
| Genre/form data or focus term |
Electronic books. |
| 700 1# - ADDED ENTRY--PERSONAL NAME |
| Personal name |
Bollain, Icíar, |
| Dates associated with a name |
1967 |
| 791 2# - |
| -- |
Digitalia (Firm), |
| -- |
distributor. |
| 730 0# - ADDED ENTRY--UNIFORM TITLE |
| Uniform title |
Poniente (Motion picture) |
| 793 0# - |
| -- |
Digitalia eBook Collection: |
| -- |
Ocho y Medio. |
| 830 #0 - SERIES ADDED ENTRY--UNIFORM TITLE |
| Uniform title |
Colección Espiral (Madrid, Spain) ; |
| Volume/sequential designation |
20. |
| 856 40 - ELECTRONIC LOCATION AND ACCESS |
| Materials specified |
Digitalia Hispánica |
| Uniform Resource Identifier |
<a href="https://www.digitaliapublishing.com/a/407/">https://www.digitaliapublishing.com/a/407/</a> |
| 910 ## - USER-OPTION DATA (OCLC) |
| User-option data |
Premium Collection: 2007-2012 |
| 942 ## - ADDED ENTRY ELEMENTS (KOHA) |
| Koha item type |
Recurso Electrónico |